| 000 | 01100cam a2200289 a 4500 | ||
|---|---|---|---|
| 999 |
_c3666 _d3666 |
||
| 001 | 46822 | ||
| 003 | OSt | ||
| 005 | 20181116154242.0 | ||
| 008 | 930308s1986 nyua b 001 0 eng | ||
| 010 | _a 93123575 | ||
| 040 |
_aDLC _cDLC |
||
| 043 | _an-us--- | ||
| 050 | 0 | 0 |
_aKF4520 _b.B683 1986 |
| 082 | 0 | 0 |
_a342.73/02 _a347.3 _219 _bB786M |
| 100 | 1 |
_aBowen, Catherine Drinker, _d1897-1973. |
|
| 245 | 1 | 0 |
_aMiracle at Philadelphia : _bthe story of the Constitutional Convention, May to September, 1787 / _cCatherine Drinker Bowen ; with a new introduction by Henry Steele Commager ; illustrations for this edition by Warren Chappell. |
| 260 |
_aNew York: _bBook-of-the-Month Club _cc1986. |
||
| 300 |
_axxv, 346 p. : _bill. ; _c22 cm. |
||
| 490 | 1 | _aThe American past | |
| 504 | _aIncludes bibliographical references (p. [327]-330) and index. | ||
| 610 | 1 | 0 |
_aUnited States. _bConstitutional Convention _d(1787) |
| 650 | 0 |
_aConstitutional history _zUnited States. |
|
| 830 | 0 | _aAmerican past. | |
| 906 |
_a7 _bcbc _corignew _du _encip _f19 _gy-gencatlg |
||
| 942 |
_2ddc _cBK |
||